| 000 | 00862nam a22001337a 4500 | ||
|---|---|---|---|
| 040 | _cRUA | ||
| 082 | _aAGR DOE 2016 B579 Or.1 | ||
| 100 | _aDOEM PHEARAK ឌឺម ភារក្ស | ||
| 245 | _aeffect of chromolaena ordorata biomass input on crop yields in drip irrigated eggplant-greens mustard intercropping system ឥទ្ធិពលនៃបរិមាណកាកសំណល៉ទន្ទ្រានខែត្រលើទិន្នផលដំណាំត្រប៉និងស្ពៃខៀវក្នុងប្រព័ន្ធដំណាំឆ្លាស់ ស្រោចស្រពដោយប្រព័ន្ធដំណក៉ទឺក | ||
| 260 |
_aphnom penh _bRUA _c2016 |
||
| 300 |
_ax;38; _billl; _c29cm; |
||
| 856 | _uhttps://drive.google.com/file/d/16xlHiaScwmE5tkfoH5EQ_p2ZmyzYt5CZ/view?usp=sharing | ||
| 942 | _cAGR | ||
| 999 |
_c15322 _d15322 |
||